Housing development (Control and Lcensing) Act 1966 (Act 118) & Regulations (as at 1st July 2003)
| Format: | Book |
|---|---|
| Published: |
Petaling Jaya :
International Law Book Services ,
2003
|
| Subjects: |
MARC
| LEADER | 00000cam a2200000 7i4500 | ||
|---|---|---|---|
| 001 | 0000015208 | ||
| 005 | 20050803.0 | ||
| 020 | |a 967891395X | ||
| 040 | |a INS | ||
| 090 | 0 | 0 | |a KPG14.14 |b H842 2003 |
| 245 | 1 | 0 | |a Housing development (Control and Lcensing) Act 1966 (Act 118) & Regulations (as at 1st July 2003) |
| 260 | |a Petaling Jaya : |b International Law Book Services , |c 2003 | ||
| 650 | 0 | 0 | |a Law of Malaysia |
| 999 | |a 0000014842 |b BOOK |c Acts |e Default branch | ||